[Event "Oberliga Wuerttemberg 2223"]
[Site "Wuerttemberg"]
[Date "2023.04.23"]
[Round "8.8"]
[White "Jaskulski, Jan"]
[Black "Schmid, Hartmut"]
[Result "1-0"]
[WhiteElo "1843"]
[BlackElo "2079"]
[PlyCount "33"]
[EventDate "2022.09.18"]
[EventType "team-tourn"]
[EventRounds "9"]
[EventCountry "GER"]
[SourceTitle "EXT 2025"]
[Source "ChessBase"]
[SourceDate "2024.10.14"]
[SourceVersion "1"]
[SourceVersionDate "2024.10.14"]
[SourceQuality "1"]
[WhiteTeam "Jedesheim"]
[BlackTeam "Stuttgart SF II"]
[WhiteTeamCountry "GER"]
[BlackTeamCountry "GER"]

1. e4 e5 2. Nf3 Nc6 3. Bb5 Bc5 4. 0-0 Qf6 5. c3 Nge7 6. Bxc6 Nxc6 7. d4 exd4 8. e5 Qg6 9. cxd4 Be7 10. d5 Nd8 11. Nc3 0-0 12. Bf4 d6 13. Nb5 dxe5 14. Nxc7 exf4 15. Nxa8 Bd6 16. Rc1 b6 17. Rxc8 1-0

[Event "Oberliga Wuerttemberg 2223"]
[Site "Wuerttemberg"]
[Date "2023.01.15"]
[Round "5.8"]
[White "Jaskulski, Jan"]
[Black "Scheeff, Volker"]
[Result "0-1"]
[WhiteElo "1843"]
[BlackElo "2050"]
[PlyCount "84"]
[EventDate "2022.09.18"]
[EventType "team-tourn"]
[EventRounds "9"]
[EventCountry "GER"]
[SourceTitle "EXT 2025"]
[Source "ChessBase"]
[SourceDate "2024.10.14"]
[SourceVersion "1"]
[SourceVersionDate "2024.10.14"]
[SourceQuality "1"]
[WhiteTeam "Jedesheim"]
[BlackTeam "Schmiden/Cannstatt"]
[WhiteTeamCountry "GER"]
[BlackTeamCountry "GER"]

1. e4 e6 2. Nf3 d5 3. Nc3 d4 4. Ne2 c5 5. c3 Nf6 6. Ng3 Nc6 7. Bb5 Bd7 8. d3 Qa5 9. Bxc6 Bxc6 10. Bd2 Qb6 11. 0-0 Be7 12. b4 dxc3 13. bxc5 Qa5 14. Be3 Rd8 15. Nd4 Ba4 16. Qf3 Bxc5 17. Nb3 Bxb3 18. axb3 Qb6 19. e5 Nd5 20. Bxc5 Qxc5 21. Ne4 Qb6 22. Nd6+ Rxd6 23. exd6 0-0 24. Qg3 a6 25. Ra4 Rd8 26. Rc4 g6 27. h4 h5 28. Re1 Qxd6 29. Qg5 Kh7 30. g4 b5 31. Rce4 Qe7 32. Qe5 Qf6 33. Qg3 hxg4 34. Rxg4 c2 35. h5 Rc8 36. hxg6+ fxg6 37. Rh4+ Kg7 38. Rc1 e5 39. Qg2 Rc7 40. Rh2 Nf4 41. Qa8 Qg5+ 42. Kh1 Nh5 0-1

[Event "Staufer op 33rd"]
[Site "Schwaebisch Gmuend"]
[Date "2023.01.04"]
[Round "6"]
[White "Jaskulski, Jan"]
[Black "Becker, Matthias1"]
[Result "1/2-1/2"]
[WhiteElo "1867"]
[BlackElo "2325"]
[PlyCount "78"]
[EventDate "2023.01.02"]
[EventType "swiss"]
[EventRounds "9"]
[EventCountry "GER"]
[SourceTitle "CBM 212 Extra"]
[Source "ChessBase"]
[SourceDate "2023.03.31"]
[SourceVersion "1"]
[SourceVersionDate "2023.03.31"]
[SourceQuality "1"]

1. e4 e6 2. d4 d5 3. Nc3 Bb4 4. e5 c5 5. a3 Bxc3+ 6. bxc3 Ne7 7. Nf3 b6 8. a4 Ba6 9. Bxa6 Nxa6 10. 0-0 Rc8 11. Qe2 Nb8 12. a5 cxd4 13. cxd4 bxa5 14. Bd2 Nbc6 15. Ra4 0-0 16. Rfa1 Qb6 17. Bxa5 Nxa5 18. Rxa5 Nc6 19. R5a4 Rc7 20. c3 Rb8 21. Qd3 h6 22. h3 Rcb7 23. c4 dxc4 24. Qxc4 Rc7 25. Ra6 Qb7 26. Qa4 Rd8 27. Kh2 Qb2 28. Ra2 Qc1 29. d5 Nb8 30. Rd6 Rf8 31. dxe6 fxe6 32. Ra1 Qb2 33. Ra2 Qb1 34. Ra1 Qf5 35. Qg4 Re8 36. Qxf5 exf5 37. Nd4 f4 38. e6 Kf8 39. Nb5 Rc6 1/2-1/2

[Event "GER-ch U16"]
[Site "Willingen"]
[Date "2022.06.10"]
[Round "8"]
[White "Jaskulski, Jan"]
[Black "Metzdorf, Matteo"]
[Result "1/2-1/2"]
[WhiteElo "1727"]
[BlackElo "2009"]
[PlyCount "76"]
[EventDate "2022.06.04"]
[EventType "swiss"]
[EventRounds "9"]
[EventCountry "GER"]
[SourceTitle "CBM 208 Extra"]
[Source "ChessBase"]
[SourceDate "2022.07.31"]
[SourceVersion "1"]
[SourceVersionDate "2022.07.31"]
[SourceQuality "1"]

1. e4 c5 2. Nf3 e6 3. d4 cxd4 4. Nxd4 a6 5. Bd3 Nf6 6. 0-0 Qc7 7. Qe2 d6 8. f4 Nbd7 9. c4 Be7 10. Nc3 b6 11. Nf3 g6 12. b3 0-0 13. Bb2 Bb7 14. Rae1 Rad8 15. Kh1 Rfe8 16. Bb1 Qb8 17. Qf2 Rf8 18. Qh4 Rfe8 19. Ng5 Nh5 20. Qg4 Ndf6 21. Qh3 e5 22. fxe5 dxe5 23. Qe3 Bc5 24. Qh3 Bc8 25. Qh4 Be7 26. Nd5 Nxd5 27. exd5 h6 28. Qf2 f6 29. Bxg6 Nf4 30. Bxe8 hxg5 31. Bc6 Nd3 32. Qc2 Nxe1 33. Qg6+ Kh8 34. Qh6+ Kg8 35. Qg6+ Kh8 36. Rxe1 Qd6 37. Qh6+ Kg8 38. Qg6+ Kh8 1/2-1/2

[Event "GER-ch U16"]
[Site "Willingen"]
[Date "2022.06.09"]
[Round "7"]
[White "Farokhi, Keyvan"]
[Black "Jaskulski, Jan"]
[Result "1/2-1/2"]
[WhiteElo "2360"]
[BlackElo "1727"]
[PlyCount "120"]
[EventDate "2022.06.04"]
[EventType "swiss"]
[EventRounds "9"]
[EventCountry "GER"]
[SourceTitle "CBM 208 Extra"]
[Source "ChessBase"]
[SourceDate "2022.07.31"]
[SourceVersion "1"]
[SourceVersionDate "2022.07.31"]
[SourceQuality "1"]

1. d4 d5 2. Nf3 Nf6 3. c4 c6 4. e3 e6 5. Bd3 Nbd7 6. Nbd2 Bd6 7. 0-0 0-0 8. e4 e5 9. c5 Bc7 10. exd5 Nxd5 11. Nxe5 Nxe5 12. dxe5 Nf4 13. Be4 Bxe5 14. Nc4 Bc7 15. Nd6 Nd5 16. Bxd5 cxd5 17. Qxd5 Be6 18. Qxb7 Bxd6 19. cxd6 Qxd6 20. Be3 Bd5 21. Qb5 Rfd8 22. Rfd1 Qe6 23. Qd3 Rd7 24. Rd2 Rad8 25. Qf1 h6 26. b3 Bc6 27. Rxd7 Rxd7 28. Re1 Qd5 29. f3 Qa5 30. Qf2 a6 31. h4 Rd3 32. Rc1 Qd5 33. Bf4 Bb7 34. Kh2 Bc6 35. Qc5 Qd8 36. Bg3 Bb7 37. Qc7 Qd5 38. Qb8+ Kh7 39. Qe5 Qxe5 40. Bxe5 Rd2 41. Rc7 Bxf3 42. Rxf7 Rxg2+ 43. Kh3 Bd5 44. Ra7 Rg6 45. h5 Rg5 46. Bf6 Be6+ 47. Kh2 Rxh5+ 48. Kg3 Kg6 49. Bd8 Rd5 50. Rxa6 Kf5 51. Bb6 g5 52. Be3 h5 53. Bxg5 Bc8 54. Ra8 Kxg5 55. Rxc8 Rd3+ 56. Kf2 Rd2+ 57. Kf3 Rxa2 58. b4 Ra3+ 59. Ke4 Rb3 60. Rg8+ Kh4 1/2-1/2

[Event "GER-ch U16"]
[Site "Willingen"]
[Date "2022.06.07"]
[Round "4"]
[White "Jaskulski, Jan"]
[Black "Lerchl, Clemens"]
[Result "1-0"]
[WhiteElo "1727"]
[BlackElo "1843"]
[PlyCount "63"]
[EventDate "2022.06.04"]
[EventType "swiss"]
[EventRounds "9"]
[EventCountry "GER"]
[SourceTitle "CBM 208 Extra"]
[Source "ChessBase"]
[SourceDate "2022.07.31"]
[SourceVersion "1"]
[SourceVersionDate "2022.07.31"]
[SourceQuality "1"]

1. e4 c5 2. Nf3 d6 3. d4 cxd4 4. Nxd4 Nf6 5. Nc3 g6 6. Be3 Bg7 7. f3 0-0 8. Qd2 Nc6 9. 0-0-0 d5 10. exd5 Nxd5 11. Nxc6 bxc6 12. Bd4 e5 13. Bc5 Be6 14. Ne4 Re8 15. h4 Qc7 16. h5 Red8 17. hxg6 hxg6 18. Qg5 Nf4 19. Rxd8+ Qxd8 20. Be7 Qa5 21. Qh4 f5 22. Ng5 Bh6 23. b3 Qxa2 24. Qxh6 Qa1+ 25. Kd2 Qa5+ 26. c3 Qa2+ 27. Ke1 Nxg2+ 28. Bxg2 Qb1+ 29. Kf2 Qc2+ 30. Kg3 f4+ 31. Kh2 Qf2 32. Qh7# 1-0

[Event "Warsaw Najdorf Memorial op-B"]
[Site "Warsaw"]
[Date "2021.07.15"]
[Round "6"]
[White "Jaskulski, Jan"]
[Black "Dudek, Radoslaw"]
[Result "1-0"]
[WhiteElo "1723"]
[BlackElo "1490"]
[PlyCount "71"]
[EventDate "2021.07.10"]
[EventType "swiss"]
[EventRounds "9"]
[EventCountry "POL"]
[SourceTitle "EXT 2022"]
[Source "ChessBase"]
[SourceDate "2021.10.06"]
[SourceVersion "1"]
[SourceVersionDate "2021.10.06"]
[SourceQuality "1"]

1. e4 c5 2. Nf3 Nc6 3. Bb5 Nd4 4. Nxd4 cxd4 5. 0-0 e6 6. d3 Ne7 7. Nd2 a6 8. Bc4 b5 9. Bb3 Bb7 10. f4 Nc6 11. Qg4 d6 12. a4 b4 13. Nc4 Na5 14. Nxa5 Qxa5 15. f5 e5 16. f6 g6 17. Bxf7+ Kd8 18. Bc4 Kc7 19. f7 Bg7 20. Qe6 Rad8 21. Bg5 Rd7 22. Bf6 Bxf6 23. Rxf6 Rf8 24. Qe8 Rd8 25. Qe7+ Kb8 26. Rxd6 Qc7 27. Rxd8+ Qxd8 28. Qxe5+ Ka8 29. Rf1 Qd7 30. Qc5 Qc8 31. Qxc8+ Bxc8 32. e5 Kb7 33. e6 Bxe6 34. Bxe6 Kc6 35. Bc4 a5 36. Re1 1-0